000 00917cab a2200265 4500
001 WB3031-65
008 090401t1994 xxu||||| |||| 00| 0 eng d
035 _a(Sirsi) u30361
041 _aeng
245 4 _aThe facts on rates
260 _c1994
350 _a0
490 _aHerald
_v11 August 1994, 13
490 _aIndependent
_v17 August 1994, 26(3)
520 _aGrimley JR Eve`s research on the likely effects of the 1995 rating revaluation identifies large increases for Scottish businesses, resulting from the higher than average rental levels achieved in Scotland, and corresponding decreases for London in response to falling rents there.
650 _aBUSINESS RATES
650 _aFORECASTS
650 _aPHASING
650 _aRENTAL VALUES
650 _aRATING REVALUATION 1995
650 _aUNIFORM BUSINESS RATE
690 _aRATING AND VALUATION
942 _n0
948 _c04/03/1997
999 _c20461
_d20461